000 00782nam a2200205 i 4500
001 128699
003 ES-MaACL
005 20230906193338.0
007 t|
008 070523s1956 sp ||||1| spa d
080 _a551.578.1(64)
100 1 _aTapia Contrera, José.
_9109234
245 1 0 _aEstimulación artificial de la lluvia en el nordeste de Marruecos /
_cpor José Tapia Contreras.
260 _aMadrid :
_b[Gráf. Virgen de Loreto],
_c1956.
300 _a53 p., con 15 gráf. ;
_c23 cm.
500 _aPrecede al tít.: Ministerio del Aire. Dirección General de Protección de Vuelo. Servicio Meteorológico Nacional.
650 1 4 _aLluvia-
_zMarruecos.
_914686
710 1 _aEspaña.
_bServicio Meteorológico Nacional.
_93981
852 _aES-MaACL
_j2017-F-27
_bR.45998
999 _c128699
_d128699